Statistics for MLB Top MVP, Cy Young, and ROY 2014

Click here to take the quiz!

General Stats

  • This quiz has been taken 13 times
  • The average score is 27 of 40

Answer Stats

#PlayerTeamPos.% Correct
3Andrew McCutchenPITCF
100%
6Buster PoseySFGC
100%
1Clayton KershawLADP
100%
1Clayton KershawLADP
100%
2Félix HernándezSEAP
100%
10Félix HernándezSEAP
100%
2Giancarlo StantonMIARF
100%
9Miguel CabreraDET1B
100%
1Mike TroutLAACF
100%
1Jacob deGromNYMP
92%
6José BautistaTORRF
92%
5Max ScherzerDETP
92%
3Adam WainwrightSTLP
83%
8Adam WainwrightSTLP
83%
10Anthony RizzoCHC1B
83%
3Chris SaleCHWP
83%
1José AbreuCHW1B
83%
4José AbreuCHW1B
83%
8Josh DonaldsonOAK3B
83%
7Adrián GonzálezLAD1B
75%
1Corey KluberCLEP
75%
5Robinson CanóSEA2B
75%
5Anthony RendonWSN3B
67%
2Johnny CuetoCINP
67%
4Madison BumgarnerSFGP
67%
2Víctor MartínezDETDH
67%
5Jordan ZimmermannWSNP
58%
4Jonathan LucroyMILC
50%
4Jon LesterBOS/OAKP
50%
7Nelson CruzBALDH
50%
5Masahiro TanakaNYYP
42%
2Billy HamiltonCINCF
33%
9Josh HarrisonPIT3B
33%
3Kolten WongSTL2B
33%
3Michael BrantleyCLELF
33%
2Matt ShoemakerLAAP
17%
3Dellin BetancesNYYP
8%
4Ken GilesPHIP
8%
4Collin McHughHOUP
0%
5Ender InciarteARICF
0%

Score Distribution

Percentile by Number Answered

Percent of People with Each Score

Your Score History

You have not taken this quiz